Wird geladen...
Generalized inverse of matrices and its applications /
| 1. Verfasser: | |
|---|---|
| Weitere Verfasser: | |
| Format: | Printed Book |
| Sprache: | English |
| LEADER | 00454nam a2200121Ia 4500 | ||
|---|---|---|---|
| 008 | 150624b xxu||||| |||| 00| 0 eng d | ||
| 082 | |a 512.943 | ||
| 100 | |a Rao, C. Radhakrishna | ||
| 245 | |a Generalized inverse of matrices and its applications / |c C. Radhakrishna Rao | ||
| 700 | |a Mitra, Sujit Kumar | ||
| 942 | |c BK | ||
| 999 | |c 30922 |d 30922 | ||
| 952 | |0 0 |1 0 |4 0 |6 512_943000000000000_RAO_G |7 0 |9 30921 |a UL |b UL |c ST2 |d 1998-09-07 |l 0 |o 512.943 RAO/G |p 42430 |r 2012-10-27 |w 2012-10-27 |y BK | ||